ادارة الجودة الشاملة في عصر الانترنت / (Record no. 1924)

MARC details
000 -LEADER
fixed length control field 00757nam a2200217 ar4500
001 - CONTROL NUMBER
control field 1926
005 - DATE AND TIME OF LATEST TRANSACTION
control field 20221127090326.0
008 - FIXED-LENGTH DATA ELEMENTS--GENERAL INFORMATION
fixed length control field 100401s jo a 00010|ara d
020 ## - INTERNATIONAL STANDARD BOOK NUMBER
International Standard Book Number 9789957244675 :
Terms of availability رس 130.00
082 04 - DEWEY DECIMAL CLASSIFICATION NUMBER
Classification number 658.4013
Item number ن216
100 1# - MAIN ENTRY--PERSONAL NAME
Personal name نجم، نجم عبود.
245 10 - TITLE STATEMENT
Title ادارة الجودة الشاملة في عصر الانترنت /
Statement of responsibility, etc. نجم عبود نجم.
246 1# - VARYING FORM OF TITLE
Title proper/short title TQM in the internet age.
250 ## - EDITION STATEMENT
Edition statement ط. 1.
260 ## - PUBLICATION, DISTRIBUTION, ETC.
Place of publication, distribution, etc. عمان، الاردن :
Name of publisher, distributor, etc. دار صفاء،
Date of publication, distribution, etc. 2010[1431].
300 ## - PHYSICAL DESCRIPTION
Extent 660 ص. :
Other physical details ايض ؛
Dimensions 24 سم.
504 ## - BIBLIOGRAPHY, ETC. NOTE
Bibliography, etc. note يتضمن ارجاعات ببليوجرافية.
650 #4 - SUBJECT ADDED ENTRY--TOPICAL TERM
Topical term or geographic name entry element المواصفات القياسية.
650 #4 - SUBJECT ADDED ENTRY--TOPICAL TERM
Topical term or geographic name entry element ضبط الجودة.
650 #4 - SUBJECT ADDED ENTRY--TOPICAL TERM
Topical term or geographic name entry element الانترنت.
Holdings
Withdrawn status Lost status Source of classification or shelving scheme Damaged status Not for loan Home library Current library Date acquired Total Checkouts Full call number Barcode Date last seen Copy number Price effective from Koha item type
              11/27/2022   658.4013 ل216 1000000006173 11/27/2022 C2 11/27/2022 Book
          CENTRAL CENTRAL 11/27/2022   658.4013 ل216 1000000005593 11/27/2022 C1 11/27/2022 Book